000 00221 a2200097 4500
001 26350
100 _aRoth charles H
245 _aFundamental of logic design
260 _a
_bWest publishing co
_c
090 _c17742
_d17742
942 _aNUST-CAE
_cM
_c8605
999 _c261423
_d261423